000 00309nam a22001097a 4500
008 140106b xxu||||| |||| 00| 0 eng d
010 _a92-37795
020 _a0071129928
_cAvailable
082 _23rd Ed
_a658.562FRA
_b002552
245 _aQuality Planing And Analysis
_cFrank M
260 _aSingapor
_bMcGraw-Hill
_c1993
999 _c23771
_d23771